00649nam a2200217Ia 450000500170000000800410001702000180005804000180007604100080009408200210010210000200012324500560014325000120019926000710021130000250028265000280030765000230033565000200035865000300037865000230040820241016102815.0210716s2008 xx 000 0 und d a9788189866822 cAIMIT LIBRARY aeng a005.73 21bMUNV aMuniswamy, V V. aData structures through java /cBy V. V. Munuswamy. a1st ed. aNew Delhi :bI K International Publishing House Pvt Ltd. ,c2008 . axiv, 394p. ;c24 cm. aPackages and interfaces aException handling aMulti threading aHeaps and priority queues aHashing and graphs